De Phlebotomia: morbisqve per eam curandis. Libellus sic antea nunquam editus.

Bibliographic Details
Main Author: Ruland, Martin, starší, 1532-1602 (Author, Dedicator)
Corporate Author: Rihel, Josias (Štrasburg, Francúzsko) (Printer)
Other Authors: Rihel, Josias, 1525-1597 (Printer)
Format: Book
Language:Latin
PhysicalDescription:[1], 40 l. 8° 14 cm
Published: Argentorati Excvdebat Iosias Rihelius Anno M.D.LXVII.[=1567]
Subjects:

MARC

LEADER 00000nam a2200000 a 4500
001 vtls011543938
003 SK-MaSNL
005 20260302051713.0
008 251112s1567 fr 000 0 lat
015 |a SNBHFA1567 
020 |q (viaz.) 
035 |a 686ABD0D-A457-4D62-A5E2-F13985D1CCD7 
035 |a urn:nbn:sk:snk-amybrb 
035 |a urn:nbn:sk:snk-am00cegn 
040 |a SNKHFA  |b slo  |c HKF  |e AACR2 
041 0 |a lat 
044 |a fr  |c FR 
072 7 |a 616  |x Patológia. Klinická medicína  |2 konspekt 
080 |a 616  |2 2011 
080 |a 615.811  |2 2011 
080 |a 347.161  |2 2011 
100 1 |a Ruland, Martin,  |c starší,  |d 1532-1602  |4 aut  |9 130256 
245 1 0 |a De Phlebotomia: morbisqve per eam curandis. Libellus sic antea nunquam editus.  |c Avtore Martino Rvlando Frising. Medicinarum Doctore, & Physico Lauingano 
260 |a Argentorati  |b Excvdebat Iosias Rihelius  |c Anno M.D.LXVII.[=1567] 
300 |a [1], 40 l.  |c 8°  |c 14 cm 
500 |a Ozdobné iniciálky v rámčeku na 4-5 riadkov, vinety 
501 |a Príväzok 2. k: Novae Precationes.Argentorati:Berger, Thiebold, 1567.  |5 SNK IE 10022/prív.2 
504 |a Tlačené marginálie v latinskom jazyku, kustody 
508 |a Predslov 
508 |a Ded.: Ruland, Martin st.; Strigelius, Jacob 
510 4 |a VD 16  |c R/3681 
546 |a Latinčina  |b Fraktura 
561 |a Exemplár z Lontovskej knižnice.  |5 SNK IE 10022/prív.2 
650 0 7 |a medicína  |2 SNKPH  |9 899 
650 0 7 |a púšťanie žilou  |2 SNKPH  |9 707665 
650 0 7 |a choroby  |2 SNKPH  |9 837 
700 1 |a Rihel, Josias,  |d 1525-1597  |4 prt  |9 54336 
700 1 |a Mercurius, Johannes,  |d 16. storočie  |4 oth  |9 72596 
700 1 |a Ruland, Martin,  |c starší,  |d 1532-1602  |4 dto  |9 130256 
700 1 |a Strigelius, Jacob,  |d 1510-1570  |4 hnr  |9 707666 
710 2 |a Lontovska knižnica (Lontov, Slovensko)  |4 fmo  |9 341279 
710 0 |a Rihel, Josias (Štrasburg, Francúzsko),  |d 1555-1597  |4 prt  |9 167680 
752 |a Francúzsko  |d Straßburg 
852 |a snk  |b Lontovská knižnica  |p IE 10022/prív.2 
958 |a ONDV 
999 |c 1102213  |d 1104143 
952 |t Al 17736  |a SNK  |b SNK  |c SNK_HF  |y PREZ  |7 0  |p 17A1128507  |o snkIE 10022/prív.2  |i snk2016/8947  |8 5  |0 0  |1 0  |4 0  |d 2016-04-07  |f 1  |l 0  |r 2026-02-24 17:34:38  |w 2026-02-24